000 00567cam a2200193 4500500
005 20260329002811.0
041 _afre
042 _adc
100 1 0 _aBrisson, Luc
_eauthor
245 0 0 _aL’éternel retour à soi
260 _c2013.
500 _a80
690 _aExpériences
690 _aIntériorité
690 _aPlotin
690 _aVie intérieure
786 0 _nPhilosophie magazine | 74 | 11 | 2013-11-01 | p. 41-41 | 1951-1787
856 4 1 _uhttps://shs.cairn.info/magazine-philosophie-magazine-2013-11-page-41?lang=fr&redirect-ssocas=7080
999 _c1818504
_d1818504